| 000 | 01382cac a22003375a 4500 | ||
|---|---|---|---|
| 006 | a||||fr|||| 00| 0 | ||
| 008 | 111220t2003 ad fr|||| 001 0 eng d | ||
| 010 | _a00020611 | ||
| 020 | _a0471375233 (paper/CD-ROM : alk. paper)) | ||
| 020 | _a8126504196 | ||
| 040 |
_aEG-ScBUE _beng _cEG-ScBUE |
||
| 082 | 0 | 4 |
_a005.265 _bDUN _222 |
| 100 | 1 |
_aDuntemann, Jeff. _928206 |
|
| 245 | 1 | 0 |
_aAssembly language step-by-step : _bprogramming with DOS and Linux / _cJeff Duntemann. |
| 250 | _a2st ed. | ||
| 260 |
_aNew York : _bWiley, _c2003. |
||
| 300 |
_axxv, 613 p. : _bill. ; _c24 cm. + _e1 computer laser optical disc (4 3/4 in.) |
||
| 500 | _aIncludes index. | ||
| 538 | _aSystem requirements for accompanying computer disc: DOS V5 or later; Linux (kernel V2) or later. | ||
| 590 | _aMUSTAFA GALAL. | ||
| 650 | 0 |
_aAssembler language (Computer program language) _928207 _2BUEsh |
|
| 650 | 0 | _aComputer program language | |
| 651 | _2BUEsh | ||
| 653 |
_bCOMSCI _cAugust2015 |
||
| 655 |
_vtext book _933728 |
||
| 700 | 1 |
_aDuntemann, Jeff. _928208 |
|
| 856 | 4 | 2 |
_3Contributor biographical information _uhttp://www.loc.gov/catdir/bios/wiley047/00020611.html |
| 856 | 4 | 2 |
_3Publisher description _uhttp://www.loc.gov/catdir/description/wiley033/00020611.html |
| 856 | 4 | 2 |
_3Table of Contents _uhttp://www.loc.gov/catdir/toc/onix03/00020611.html |
| 942 |
_cBB _k005.265D927 _2ddc |
||
| 999 |
_c663 _d663 |
||